00329nam a2200121Ia 4500008004100000100003700041245006100078260002300139300000900162650001400171942000700185999001500192190216s9999||||xx |||||||||||||| ||und|| aSanyasaiah K&Amp;Ranganathachari 0aMoney Banking And International Trade And Public Finance bMaruti Booksc1971 a772p aEconomics cBK c9113d9113